Quizzes
Events
Quiz Creation
Community
Videos
Private Events
Remove Ads
Sign In
Join for FREE
Feedback
Dark Mode
Quiz Categories
Sports
Geography
Music
Movies
Television
Just For Fun
Miscellaneous
History
Literature
Language
Science
Gaming
Entertainment
Religion
Holiday
For Kids
Quiz Lab
Recent
Popular Today
Quiz Kudos Today
Editor Picks
Curator Picks
Quizzes by...
Day
Popularity
Type
Ratings
Length
Year
Community
Subscriptions
Recent Discussions
Orange Saloon
Badges
Playlists
Quests
Create
Leaderboards
Showdown
Live 5
Trivia Bingo
Activity
Puzzle Library
Sporcle Events
Private Events
Virtual Trivia
Globe League
Become a Host
Pub Owners
SporcleCon
Opinionation
Our Games
Videos
Blog
Mobile Apps
Partnerships
Remove Ads and Go Orange
Feedback
Sports
Athletes
MLB
NBA
NHL
NFL
Soccer
Sports Teams
WWE
NCAA
Football
Premier League
Basketball
Baseball
Hockey
Golf
Tennis
Cricket
Rugby
Auto Racing
Olympics
World Cup
Sports
Athletes
MLB
NBA
NHL
NFL
Soccer
Sports Teams
WWE
NCAA
Football
Premier League
Basketball
Baseball
Hockey
Golf
Tennis
Cricket
Rugby
Auto Racing
Olympics
World Cup
Random Quiz
Search Sporcle
×
Quiz Lab
Quiz Lab
Sports
Cricket
Type in answers that appear in a list
Type in answers that appear in a list
Classic
Best Score? Go Orange.
List of Pakistan Test cricketers Stats
Can you name the List of Pakistan Test cricketers?
By
hikmat0009
15m
220 Questions
114 Plays
114 Plays
114 Plays
Comments
Comments
Give Quiz Kudos
Give Quiz Kudos
-
- Ratings
hide this ad
Replay
Link that replays current quiz
Next Quiz
Link to next quiz in quiz playlist
You Got
0%
They Got
Avg Score
54%
Avg Friend Score
Upgrade to see
Score Distribution
Jump to the score distribution portion of the page
Score
0/220
Timer
15:00
0
Plays Today
Cricketer
% Correct
Imran Khan
98.2%
Imran Khan
98.2%
Majid Khan
97.4%
Moin Khan
97.4%
Younis Khan
97.4%
Mohsin Khan
96.5%
Anwar Khan
96.5%
Azhar Khan
96.5%
Rashid Khan
96.5%
Zakir Khan
96.5%
Nadeem Khan
96.5%
Kabir Khan
96.5%
Azam Khan
96.5%
Arshad Khan
96.5%
Bazid Khan
96.5%
Sohail Khan
96.5%
Junaid Khan
96.5%
Waqar Younis
92.1%
Hanif Mohammad
91.2%
Ijaz Ahmed
91.2%
Mushtaq Ahmed
91.2%
Ijaz Ahmed
91.2%
Sarfraz Ahmed
91.2%
Imtiaz Ahmed
90.4%
Israr Ali
90.4%
Maqsood Ahmed
90.4%
Zulfiqar Ahmed
90.4%
Agha Saadat Ali
90.4%
Saeed Ahmed
90.4%
Mushtaq Mohammad
90.4%
Naushad Ali
90.4%
Niaz Ahmed
90.4%
Sadiq Mohammad
90.4%
Younis Ahmed
90.4%
Talat Ali
90.4%
Shafiq Ahmed
90.4%
Liaqat Ali
90.4%
Tauseef Ahmed
90.4%
Ashraf Ali
90.4%
Wasim Akram
90.4%
Basit Ali
90.4%
Shakeel Ahmed
90.4%
Ashfaq Ahmed
90.4%
Shakeel Ahmed
90.4%
Shabbir Ahmed
90.4%
Yasir Ali
90.4%
Azhar Ali
90.4%
Tanvir Ahmed
90.4%
Rahat Ali
90.4%
Khan Mohammad
89.5%
Nazar Mohammad
89.5%
Wazir Mohammad
89.5%
Gul Mohammad
89.5%
Shoaib Mohammad
89.5%
Mohammad Akram
88.6%
Inzamam ul Haq
87.7%
Misbah ul Haq
86%
Shoaib Malik
84.2%
Javed Miandad
83.3%
Saleem Malik
83.3%
Saeed Anwar
82.5%
Shoaib Akhtar
82.5%
Munir Malik
81.6%
Javed Akhtar
81.6%
Mansoor Akhtar
81.6%
Aamer Malik
81.6%
Mohammad Amir
81.6%
Masood Anwar
80.7%
Aamer Sohail
79.8%
Saqlain Mushtaq
79.8%
Mohammad Yousuf
78.9%
Yasir Shah
78.9%
Zaheer Abbas
78.1%
Saleem Yousuf
78.1%
Cricketer
% Correct
Azhar Mahmood
77.2%
Mohammad Asif
77.2%
Asif Iqbal
76.3%
Faisal Iqbal
76.3%
Salman Butt
76.3%
Fazal Mahmood
75.4%
Ijaz Butt
75.4%
Shahid Mahmood
75.4%
Arif Butt
75.4%
Ghulam Abbas
75.4%
Qaiser Abbas
75.4%
Rameez Raja
74.6%
Shahid Afridi
74.6%
Wasim Raja
73.7%
Abdul Qadir
73.7%
Umar Gul
72.8%
Riaz Afridi
72.8%
Aftab Gul
71.9%
Danish Kaneria
71.1%
Kamran Akmal
71.1%
Mohammad Hafeez
71.1%
Umar Akmal
71.1%
Azeem Hafeez
70.2%
Adnan Akmal
70.2%
Aaqib Javed
69.3%
Intikhab Alam
66.7%
Fawad Alam
66.7%
Sarfraz Nawaz
65.8%
Saeed Ajmal
65.8%
Rashid Latif
63.2%
Mohammad Wasim
63.2%
Mufasir ul Haq
62.3%
Wasim Bari
62.3%
Taufeeq Umar
60.5%
Naved Latif
60.5%
Qasim Umar
59.6%
Abdul Razzaq
59.6%
Wahab Riaz
57%
Mudassar Nazar
55.3%
Waqar Hasan
52.6%
Khalid Hasan
52.6%
Ata ur Rehman
52.6%
Abdur Rehman
51.8%
Shan Masood
51.8%
Fazal ur Rehman
50.9%
Asif Masood
50.9%
Zulfiqar Babar
50%
Imran Nazir
49.1%
Imran Farhat
49.1%
Humayun Farhat
49.1%
Mohammad Nazir
48.2%
Aamer Nazir
48.2%
Shahid Nazir
48.2%
Asad Shafiq
46.5%
Iqbal Qasim
44.7%
Mohammad Sami
43.9%
Akram Raza
41.2%
Hasan Raza
41.2%
Amir Elahi
39.5%
Manzoor Elahi
39.5%
Saleem Elahi
39.5%
Zahoor Elahi
39.5%
Wajahatullah Wasti
38.6%
Sohail Tanvir
38.6%
Anwar Hussain
36.8%
Mahmood Hussain
36.8%
Afaq Hussain
36.8%
Mohammad Hussain
36.8%
Zulqarnain Haider
36.8%
Sikander Bakht
36%
Mohammad Irfan
36%
Shafqat Rana
34.2%
Azmat Rana
34.2%
Yasir Hameed
34.2%
Cricketer
% Correct
Ahmed Shehzad
34.2%
Javed Burki
31.6%
Anil Dalpat
31.6%
Sami Aslam
31.6%
Abdul Kardar
30.7%
Yasir Arafat
30.7%
Haroon Rasheed
29.8%
Rizwan uz Zaman
29.8%
Farrukh Zaman
28.9%
Atiq uz Zaman
28.9%
Khurram Manzoor
28.9%
Nasir Jamshed
28.9%
Zahid Fazal
27.2%
Asif Mujtaba
26.3%
Naved Ashraf
26.3%
Nasim ul Ghani
25.4%
Mohsin Kamal
25.4%
Shahid Saeed
25.4%
Asim Kamal
25.4%
Khalid Ibadulla
24.6%
Taslim Arif
24.6%
Shadab Kabir
24.6%
Agha Zahid
23.7%
Mohammad Zahid
23.7%
Iftikhar Anjum
22.8%
Naved Anjum
21.9%
Khalid Wazir
21.1%
Pervez Sajjad
20.2%
Duncan Sharpe
19.3%
Bilawal Bhatti
19.3%
Saleem Altaf
18.4%
Jalal ud din
18.4%
Fazl e Akbar
18.4%
Mohammad Salman
18.4%
Tahir Naqqash
16.7%
Aftab Baloch
15.8%
Umar Amin
15.8%
Farhan Adil
14.9%
Ehsan Adil
14.9%
Alimuddin
14%
Ehteshamuddin
14%
Ijaz Faqih
14%
Saleem Jaffar
13.2%
Ali Naqvi
13.2%
Aizaz Cheema
13.2%
Wallis Mathias
12.3%
Abdul Kadir
11.4%
Atif Rauf
11.4%
Abdur Rauf
11.4%
Haseeb Ahsan
10.5%
Mohammad Ilyas
10.5%
Shahid Israr
10.5%
Mohammad Ayub
10.5%
Miran Bux
9.6%
Mohammad Farooq
8.8%
Shahid Mahboob
7.9%
Rana Naveed
7.9%
Mohammad Talha
7.9%
Mohammad Ramzan
7%
Ali Hussain Rizvi
7%
Mohammad Khalil
7%
Antao D Souza
6.1%
Shujauddin
5.3%
Farooq Hamid
5.3%
Salahuddin
5.3%
Nadeem Abbasi
5.3%
Irfan Fazil
5.3%
Mohammed Ghazali
4.4%
Mohammad Munaf
3.5%
Nadeem Ghauri
3.5%
Aslam Khokhar
2.6%
Zulqarnain Zaidi
2.6%
Quiz Playlist
Details
Report
Send in Message
Add To Playlist
Classic:
Type in answers that appear in a list
Last Updated: Feb 16, 2017
Quiz Scoreboard
CHALLENGE
Sign Up to Join the Scoreboard
Show All
Scores
Hide
Comments
May contain spoilers
Recently Published
NBA Finals Game Top Scorers (2010s)
by flibbidy
Sports
5m
Guess the 'R' Things in 3 Words
by MSUKent
Miscellaneous
3m
Actor to Badly Drawn Movie III
by MoMosMoProblems
Movies
5m
More to Explore
Quiz From the Vault
Featured Blog Post
Where Does Lost Luggage Go?
hide this ad
You Might Also Like...
Tags
Cricket Quiz
Pakistan
Test Cricket
Today's Top Quizzes in Sports
Browse Sports
hide this ad
Today's Top Quizzes in Cricket
Browse Cricket
Top Contributed Quizzes in Sports
1
Les joueurs à 100 buts en Ligue 1 Uber Eats
2
2022 World Cup Stars
3
2024 March Madness Bracket
4
Millionaire: NBA Finals Edition
5
Players with Multiple 50 Home Run Seasons
6
Criteria MLB: Left Handed Sluggers
7
Nickname Match: Athletes VI
8
Iconic Moments in Football - Multiple Choice
9
NFL MVPs ordered
10
NBA Championships Per City
Explore More
Trending Topics
Crossword
Marvel
Harry Potter
Kpop
NBA
Disney
Anime
The Office
Soccer
NFL
Country
Puzzle
WWE
Song
Pokémon
hide this ad
More By:
hikmat0009
Quiz
Plays
Rating
Category
Featured
Created
ICC Cricket World Cup 2003 Squads
577
Sports
Jan 18, 2015
Wisden Leading Cricketer in the World
461
3.00
Sports
Nov 21, 2014
Pakistan all time cricket XI
431
Sports
Dec 16, 2013
ICC T20 Cricket World Cup 2014 Squads
376
Sports
Mar 11, 2014
ICC Cricket World Cup 2015 Squads
375
1.00
Sports
Jan 15, 2015
Go to Creator's Profile
Score Distribution
Quiz Creator Spotlight
hikmat0009
Follow
Send a Message
Quizzes Created
-
Created Quiz Play Count
-
More By This Creator
Popular Quizzes Today
1
Find the US States - No Outlines Minefield
2
Find the US States
3
The Countries of the World
4
10 Largest US States in Order
5
Find the Countries of Europe - No Outlines Minefield
6
US States
7
Guess the 'R' Things in 3 Words
8
NBA Finals Game Top Scorers (2010s)
More Sports Quizzes
Picture Click: Falcons QBs
Quiz Lab
Trending Quizzes
First Name TV: Leading Men
Match the Book to the Film II
First Name TV: Leading Women Drama
Match the Book to the Film VI
3-Word Movies in 1 Word II
Recently Updated
Women's Final Four Teams by Year
bhenderson79
Presidents Quartet II
eogle
Anything But Clue(do)
eogle
Anything But Oceanian Capitals
eogle
Anything But 7
eogle
Anything But Thing
eogle
Word Ladder: February 29
pecheneg
Song Title Questions
pecheneg
Women's NCAA Tournament #1 Seeds
pecheneg
Celebrity Mug Shots
pecheneg
Trending Topics
Disney
Marvel
Crossword
Kpop
NBA
Anime
Harry Potter
Song
Pokémon
Country
NFL
Soccer
Puzzle
The Office
WWE
Your Account Isn't Verified!
In order to create a playlist on Sporcle, you need to verify the email address you used during registration. Go to your
Sporcle Settings
to finish the process.
Report this User
Report this user for behavior that violates our
Community Guidelines
.
Details:
Send Report
Go to the Sporcle.com Mobile Site →
Comments